[Event "European Women's Championship"]
[Site "Vysoke Tatry"]
[Date "2018.04.18"]
[Round "10"]
[White "Atalik, Ekaterina"]
[Black "Stefanova, Antoaneta"]
[Result "1/2-1/2"]
[Board "2"]
[WhiteElo "2452"]
[WhiteTitle "IM"]
[WhiteCountry "TUR"]
[WhiteFideId "4130189"]
[BlackElo "2479"]
[BlackTitle "GM"]
[BlackCountry "FID"]
[BlackFideId "2902257"]

1. c4 {[%clk 1:30:54]} e6 {[%clk 1:29:28]} 2. Nf3 {[%clk 1:29:41]} d5 {[%clk
1:29:24]} 3. e3 {[%clk 1:29:03]} Bd6 {[%clk 1:18:22]} 4. b3 {[%clk 1:27:25]} f5
{[%clk 1:15:19]} 5. Ba3 {[%clk 1:23:19]} Nf6 {[%clk 1:04:57]} 6. Be2 {[%clk
1:21:14]} b6 {[%clk 0:58:51]} 7. O-O {[%clk 1:16:54]} O-O {[%clk 0:57:10]} 8.
Bxd6 {[%clk 1:13:42]} cxd6 {[%clk 0:55:29]} 9. cxd5 {[%clk 1:11:49]} Nxd5 {[%clk
0:55:53]} 10. Nc3 {[%clk 1:11:41]} Nf6 {[%clk 0:46:16]} 11. d4 {[%clk 1:10:16]}
Qe7 {[%clk 0:39:02]} 12. Bd3 {[%clk 0:54:48]} Bb7 {[%clk 0:36:22]} 13. Qe2 {[%clk
0:53:50]} Ne4 {[%clk 0:29:39]} 14. Rfc1 {[%clk 0:50:09]} Nd7 {[%clk 0:26:10]} 15.
Nb5 {[%clk 0:42:06]} h6 {[%clk 0:13:48]} 16. Rc7 {[%clk 0:38:03]} Rfb8 {[%clk
0:14:07]} 17. Rc2 {[%clk 0:27:18]} Rd8 {[%clk 0:14:12]} 18. Rac1 {[%clk 0:25:57]}
a5 {[%clk 0:08:03]} 19. Rc7 {[%clk 0:24:39]} Bd5 {[%clk 0:04:56]} 20. Na7 {[%clk
0:22:27]} Qf8 {[%clk 0:02:46]} 21. Bb5 {[%clk 0:19:44]} Nef6 {[%clk 0:02:40]} 22.
Ne1 {[%clk 0:15:00]} Kh7 {[%clk 0:02:03]} 23. Nd3 {[%clk 0:11:12]} e5 {[%clk
0:02:19]} 24. Qb2 {[%clk 0:08:15]} Qe8 {[%clk 0:02:33]} 25. Qa3 {[%clk 0:05:41]}
Qg6 {[%clk 0:01:34]} 26. Ne1 {[%clk 0:05:40]} exd4 {[%clk 0:01:19]} 27. exd4
{[%clk 0:04:49]} Re8 {[%clk 0:01:31]} 28. Bf1 {[%clk 0:03:17]} Re6 {[%clk
0:01:06]} 29. Nc8 {[%clk 0:02:42]} Ne8 {[%clk 0:00:49]} 30. Rxd7 {[%clk 0:01:41]}
Rxc8 {[%clk 0:01:12]} 31. Nd3 {[%clk 0:01:34]} Rxc1 {[%clk 0:01:00]} 32. Qxc1
{[%clk 0:01:49]} Re4 {[%clk 0:00:50]} 33. Nf4 {[%clk 0:01:22]} Qg5 {[%clk
0:01:08]} 34. g3 {[%clk 0:01:45]} Rxd4 {[%clk 0:01:15]} 35. h4 {[%clk 0:01:19]}
Qf6 {[%clk 0:00:59]} 36. Qe3 {[%clk 0:00:52]} Re4 {[%clk 0:00:48]} 37. Nxd5
{[%clk 0:00:39]} Rxe3 {[%clk 0:01:13]} 38. Nxf6+ {[%clk 0:01:03]} Nxf6 {[%clk
0:01:39]} 39. Rxd6 {[%clk 0:01:27]} Re1 {[%clk 0:01:36]} 40. Rxb6 {[%clk
0:31:38]} f4 {[%clk 0:30:54]} 41. Rb5 {[%clk 0:21:19]} f3 {[%clk 0:18:21]} 42.
Rxa5 {[%clk 0:19:20]} Kg6 {[%clk 0:16:30]} 43. a4 {[%clk 0:14:45]} Ne4 {[%clk
0:14:36]} 44. Re5 {[%clk 0:13:51]} Kf6 {[%clk 0:14:57]} 45. Re8 {[%clk 0:12:37]}
Kf7 {[%clk 0:14:11]} 46. Re5 {[%clk 0:11:36]} Kf6 {[%clk 0:13:58]} 47. Re8 {[%clk
0:11:58]} Kf7 {[%clk 0:14:24]} 48. Re5 {[%clk 0:07:45]} 1/2-1/2

[Event "European Women's Championship"]
[Site "Vysoke Tatry"]
[Date "2018.04.18"]
[Round "10"]
[White "Ushenina, Anna"]
[Black "Osmak, Iulija"]
[Result "1/2-1/2"]
[Board "3"]
[WhiteElo "2422"]
[WhiteTitle "GM"]
[WhiteCountry "UKR"]
[WhiteFideId "14110911"]
[WhiteEloChange "-1"]
[BlackElo "2361"]
[BlackTitle "IM"]
[BlackCountry "UKR"]
[BlackFideId "14101602"]
[BlackEloChange "2"]

1. d4 {[%clk 1:30:57]} e6 {[%clk 1:29:09]} 2. Bf4 {[%clk 1:31:11]} d5 {[%clk
1:27:14]} 3. e3 {[%clk 1:30:54]} c5 {[%clk 1:27:07]} 4. Nf3 {[%clk 1:30:09]} Nf6
{[%clk 1:27:17]} 5. Nbd2 {[%clk 1:29:35]} Be7 {[%clk 1:21:04]} 6. h3 {[%clk
1:15:41]} Nc6 {[%clk 1:19:45]} 7. c3 {[%clk 1:15:55]} Bd6 {[%clk 1:16:37]} 8.
dxc5 {[%clk 1:14:31]} Bxc5 {[%clk 1:15:55]} 9. Bd3 {[%clk 1:14:53]} O-O {[%clk
1:15:24]} 10. O-O {[%clk 1:14:55]} Re8 {[%clk 0:50:00]} 11. e4 {[%clk 1:00:38]}
e5 {[%clk 0:49:41]} 12. Bg5 {[%clk 1:00:38]} Be6 {[%clk 0:44:37]} 13. Qe2 {[%clk
0:24:36]} h6 {[%clk 0:37:53]} 14. Bxf6 {[%clk 0:23:35]} Qxf6 {[%clk 0:38:14]} 15.
exd5 {[%clk 0:22:43]} Bxd5 {[%clk 0:38:36]} 16. Be4 {[%clk 0:16:06]} 1/2-1/2

[Event "European Women's Championship"]
[Site "Vysoke Tatry"]
[Date "2018.04.18"]
[Round "10"]
[White "Kulon, Klaudia"]
[Black "Goryachkina, Aleksandra"]
[Result "1/2-1/2"]
[Board "4"]
[WhiteElo "2319"]
[WhiteTitle "WGM"]
[WhiteCountry "POL"]
[WhiteFideId "1131044"]
[WhiteEloChange "5"]
[BlackElo "2495"]
[BlackTitle "WGM"]
[BlackCountry "RUS"]
[BlackFideId "4147103"]
[BlackEloChange "-2"]

1. c4 {[%clk 1:30:58]} e6 {[%clk 1:30:46]} 2. Nf3 {[%clk 1:31:22]} d5 {[%clk
1:30:58]} 3. e3 {[%clk 1:31:48]} Nf6 {[%clk 1:30:48]} 4. b3 {[%clk 1:32:14]} Be7
{[%clk 1:21:51]} 5. Bb2 {[%clk 1:31:12]} O-O {[%clk 1:21:33]} 6. Nc3 {[%clk
1:31:38]} c5 {[%clk 1:20:24]} 7. cxd5 {[%clk 1:31:44]} exd5 {[%clk 1:18:39]} 8.
d4 {[%clk 1:32:08]} Nc6 {[%clk 1:14:00]} 9. Be2 {[%clk 1:32:29]} Bg4 {[%clk
1:10:49]} 10. dxc5 {[%clk 1:32:11]} Bxc5 {[%clk 1:10:15]} 11. O-O {[%clk
1:32:35]} a6 {[%clk 1:08:39]} 12. Rc1 {[%clk 1:31:56]} Bd6 {[%clk 1:07:36]} 13.
h3 {[%clk 1:29:31]} Be6 {[%clk 1:06:35]} 14. Nd4 {[%clk 1:21:26]} Rc8 {[%clk
1:06:21]} 15. Na4 {[%clk 1:19:40]} Ne7 {[%clk 0:55:46]} 16. Nxe6 {[%clk 1:05:29]}
fxe6 {[%clk 0:55:13]} 17. Bg4 {[%clk 1:04:32]} Nxg4 {[%clk 0:48:58]} 18. Qxg4
{[%clk 1:04:49]} Nf5 {[%clk 0:48:57]} 19. e4 {[%clk 1:01:43]} Rxc1 {[%clk
0:44:49]} 20. Rxc1 {[%clk 1:01:53]} dxe4 {[%clk 0:45:07]} 21. Qxe4 {[%clk
1:01:54]} Qd7 {[%clk 0:44:48]} 22. Rc2 {[%clk 0:45:35]} Bb8 {[%clk 0:38:22]} 23.
Re2 {[%clk 0:43:48]} Ba7 {[%clk 0:37:57]} 24. Ba3 {[%clk 0:31:28]} Ng3 {[%clk
0:30:32]} 25. Qxe6+ {[%clk 0:31:45]} Qxe6 {[%clk 0:30:56]} 26. Rxe6 {[%clk
0:32:13]} Rxf2 {[%clk 0:24:13]} 27. Bc5 {[%clk 0:29:57]} Bxc5 {[%clk 0:23:28]}
28. Nxc5 {[%clk 0:30:26]} Rxa2 {[%clk 0:23:17]} 29. Nxb7 {[%clk 0:30:44]} h5
{[%clk 0:21:00]} 30. Nc5 {[%clk 0:24:03]} a5 {[%clk 0:19:24]} 31. Ne4 {[%clk
0:19:41]} Ne2+ {[%clk 0:16:20]} 32. Kf1 {[%clk 0:20:04]} Nd4 {[%clk 0:15:31]} 33.
Rb6 {[%clk 0:18:00]} Nf5 {[%clk 0:08:54]} 34. g3 {[%clk 0:14:22]} Kf7 {[%clk
0:07:48]} 35. Nd6+ {[%clk 0:11:31]} Nxd6 {[%clk 0:08:05]} 36. Rxd6 {[%clk
0:12:00]} Ra3 {[%clk 0:07:26]} 37. Rd5 {[%clk 0:12:24]} 1/2-1/2

[Event "European Women's Championship"]
[Site "Vysoke Tatry"]
[Date "2018.04.18"]
[Round "10"]
[White "Dzagnidze, Nana"]
[Black "Girya, Olga"]
[Result "1-0"]
[Board "5"]
[WhiteElo "2507"]
[WhiteTitle "GM"]
[WhiteCountry "GEO"]
[WhiteFideId "13601903"]
[WhiteEloChange "4"]
[BlackElo "2470"]
[BlackTitle "WGM"]
[BlackCountry "RUS"]
[BlackFideId "4195752"]
[BlackEloChange "-4"]

1. f4 {[%clk 1:30:55]} d5 {[%clk 1:30:43]} 2. Nf3 {[%clk 1:31:18]} Nf6 {[%clk
1:29:39]} 3. b3 {[%clk 1:31:30]} Bf5 {[%clk 1:28:09]} 4. Bb2 {[%clk 1:31:46]} e6
{[%clk 1:28:23]} 5. e3 {[%clk 1:32:10]} Be7 {[%clk 1:28:07]} 6. Be2 {[%clk
1:32:07]} h6 {[%clk 1:26:31]} 7. O-O {[%clk 1:30:19]} O-O {[%clk 1:25:11]} 8. Ne5
{[%clk 1:29:22]} Nfd7 {[%clk 1:14:04]} 9. Bd3 {[%clk 1:06:17]} Bxd3 {[%clk
1:09:28]} 10. Nxd3 {[%clk 1:06:20]} Nc6 {[%clk 0:55:31]} 11. Nc3 {[%clk 1:05:23]}
d4 {[%clk 0:51:13]} 12. exd4 {[%clk 1:00:59]} Nxd4 {[%clk 0:51:00]} 13. Ne4
{[%clk 1:00:45]} Nf6 {[%clk 0:46:44]} 14. Ng3 {[%clk 1:00:14]} c5 {[%clk
0:44:17]} 15. f5 {[%clk 0:57:39]} Bd6 {[%clk 0:37:56]} 16. fxe6 {[%clk 0:57:48]}
fxe6 {[%clk 0:37:54]} 17. Bxd4 {[%clk 0:36:05]} cxd4 {[%clk 0:38:19]} 18. Qe2
{[%clk 0:36:10]} Qc7 {[%clk 0:33:40]} 19. Ne4 {[%clk 0:22:17]} Bxh2+ {[%clk
0:33:00]} 20. Kh1 {[%clk 0:22:46]} Rae8 {[%clk 0:19:17]} 21. Nxf6+ {[%clk
0:22:47]} gxf6 {[%clk 0:19:41]} 22. Qg4+ {[%clk 0:21:18]} Kh7 {[%clk 0:20:05]}
23. Qxd4 {[%clk 0:21:39]} f5 {[%clk 0:20:08]} 24. Qxa7 {[%clk 0:18:42]} Bd6
{[%clk 0:20:19]} 25. c4 {[%clk 0:16:26]} Rg8 {[%clk 0:19:15]} 26. Rf3 {[%clk
0:13:51]} Rg4 {[%clk 0:16:13]} 27. Rh3 {[%clk 0:08:20]} Reg8 {[%clk 0:10:34]} 28.
Qe3 {[%clk 0:06:15]} Qg7 {[%clk 0:09:13]} 29. Rg1 {[%clk 0:06:43]} e5 {[%clk
0:04:15]} 30. Qf3 {[%clk 0:05:01]} Rg5 {[%clk 0:04:12]} 31. Qd5 {[%clk 0:04:34]}
Rg6 {[%clk 0:03:15]} 32. Ne1 {[%clk 0:03:20]} Qe7 {[%clk 0:02:35]} 33. Rf1 {[%clk
0:03:40]} Rg5 {[%clk 0:01:16]} 34. d4 {[%clk 0:02:48]} exd4 {[%clk 0:01:12]} 35.
Nf3 {[%clk 0:03:13]} Rxg2 {[%clk 0:00:43]} 36. Qxf5+ {[%clk 0:03:41]} R8g6 {[%clk
0:00:54]} 37. Nxd4 {[%clk 0:02:17]} Rg3 {[%clk 0:01:16]} 38. Rxg3 {[%clk
0:02:02]} Bxg3 {[%clk 0:01:40]} 39. Qf7+ {[%clk 0:02:09]} Rg7 {[%clk 0:00:52]}
40. Qxe7 {[%clk 0:32:26]} Rxe7 {[%clk 0:31:22]} 41. Nf5 {[%clk 0:32:47]} 1-0

[Event "European Women's Championship"]
[Site "Vysoke Tatry"]
[Date "2018.04.18"]
[Round "10"]
[White "Muzychuk, Mariya"]
[Black "Arabidze, Meri"]
[Result "1-0"]
[Board "6"]
[WhiteElo "2540"]
[WhiteTitle "GM"]
[WhiteCountry "UKR"]
[WhiteFideId "14114550"]
[WhiteEloChange "3"]
[BlackElo "2393"]
[BlackTitle "IM"]
[BlackCountry "GEO"]
[BlackFideId "13604040"]
[BlackEloChange "-6"]

1. e4 {[%clk 1:30:56]} c5 {[%clk 1:30:53]} 2. Nf3 {[%clk 1:31:15]} e6 {[%clk
1:31:22]} 3. c4 {[%clk 1:31:35]} Nc6 {[%clk 1:30:50]} 4. Nc3 {[%clk 1:29:10]} a6
{[%clk 1:29:03]} 5. d4 {[%clk 1:29:16]} cxd4 {[%clk 1:29:23]} 6. Nxd4 {[%clk
1:29:43]} Qc7 {[%clk 1:29:45]} 7. Be3 {[%clk 1:29:52]} Nf6 {[%clk 1:28:02]} 8. a3
{[%clk 1:25:44]} b6 {[%clk 1:28:15]} 9. Rc1 {[%clk 1:19:02]} Bb7 {[%clk 1:21:50]}
10. Be2 {[%clk 1:17:24]} Nxd4 {[%clk 1:10:45]} 11. Qxd4 {[%clk 1:17:14]} Bc5
{[%clk 1:11:09]} 12. Qd3 {[%clk 1:17:34]} O-O {[%clk 1:10:50]} 13. O-O {[%clk
1:15:25]} Rfd8 {[%clk 1:05:17]} 14. b4 {[%clk 1:10:46]} Bxe3 {[%clk 1:03:48]} 15.
Qxe3 {[%clk 1:11:12]} d6 {[%clk 1:03:32]} 16. Rfd1 {[%clk 1:06:32]} Rab8 {[%clk
1:00:02]} 17. f3 {[%clk 1:06:23]} Nd7 {[%clk 0:53:25]} 18. Nb5 {[%clk 0:56:40]}
axb5 {[%clk 0:52:18]} 19. cxb5 {[%clk 0:57:07]} Nc5 {[%clk 0:52:32]} 20. e5
{[%clk 0:57:20]} dxe5 {[%clk 0:42:19]} 21. bxc5 {[%clk 0:36:49]} bxc5 {[%clk
0:38:13]} 22. Qxc5 {[%clk 0:33:20]} Rxd1+ {[%clk 0:33:57]} 23. Bxd1 {[%clk
0:33:47]} Qa5 {[%clk 0:34:04]} 24. Be2 {[%clk 0:28:36]} Rd8 {[%clk 0:22:11]} 25.
Kf2 {[%clk 0:27:51]} e4 {[%clk 0:20:10]} 26. b6 {[%clk 0:26:11]} Qa8 {[%clk
0:18:46]} 27. Qe7 {[%clk 0:24:59]} Re8 {[%clk 0:15:52]} 28. Qb4 {[%clk 0:25:23]}
e5 {[%clk 0:11:27]} 29. fxe4 {[%clk 0:19:38]} Bxe4 {[%clk 0:11:51]} 30. Rc7
{[%clk 0:19:55]} Rb8 {[%clk 0:04:17]} 31. Bf3 {[%clk 0:15:36]} Bxf3 {[%clk
0:03:52]} 32. gxf3 {[%clk 0:16:03]} Qa6 {[%clk 0:03:26]} 33. b7 {[%clk 0:14:27]}
h6 {[%clk 0:02:47]} 34. Qb3 {[%clk 0:13:18]} Kh7 {[%clk 0:01:20]} 35. Qxf7 {[%clk
0:13:11]} Qb6+ {[%clk 0:00:57]} 36. Kg2 {[%clk 0:13:30]} Qb2+ {[%clk 0:00:35]}
37. Kh3 {[%clk 0:13:43]} Rg8 {[%clk 0:00:45]} 38. Rc8 {[%clk 0:13:52]} 1-0

[Event "European Women's Championship"]
[Site "Vysoke Tatry"]
[Date "2018.04.18"]
[Round "10"]
[White "Mammadzada, Gunay"]
[Black "Cornette, Deimante"]
[Result "1/2-1/2"]
[Board "7"]
[WhiteElo "2392"]
[WhiteTitle "IM"]
[WhiteCountry "AZE"]
[WhiteFideId "13403729"]
[WhiteEloChange "2"]
[BlackElo "2467"]
[BlackTitle "IM"]
[BlackCountry "LTU"]
[BlackFideId "12802859"]
[BlackEloChange "-1"]

1. e4 {[%clk 1:30:56]} e6 {[%clk 1:30:54]} 2. d4 {[%clk 1:31:23]} d5 {[%clk
1:31:17]} 3. Nd2 {[%clk 1:31:46]} c5 {[%clk 1:31:39]} 4. Ngf3 {[%clk 1:31:55]}
cxd4 {[%clk 1:31:54]} 5. Nxd4 {[%clk 1:31:02]} Nf6 {[%clk 1:32:09]} 6. exd5
{[%clk 1:31:25]} Qxd5 {[%clk 1:32:28]} 7. Nb5 {[%clk 1:31:15]} Qd8 {[%clk
1:32:42]} 8. Nc4 {[%clk 1:14:40]} Nd5 {[%clk 1:32:52]} 9. Ne3 {[%clk 1:08:18]} a6
{[%clk 1:32:49]} 10. Nxd5 {[%clk 1:06:41]} exd5 {[%clk 1:33:05]} 11. Nd4 {[%clk
1:03:55]} Nc6 {[%clk 1:32:55]} 12. Be3 {[%clk 0:59:58]} Bd6 {[%clk 1:31:15]} 13.
Be2 {[%clk 0:49:11]} O-O {[%clk 1:28:20]} 14. O-O {[%clk 0:45:27]} Qc7 {[%clk
1:20:35]} 15. g3 {[%clk 0:40:13]} Bh3 {[%clk 1:10:45]} 16. Re1 {[%clk 0:40:23]}
Rfe8 {[%clk 0:54:28]} 17. Bf3 {[%clk 0:35:34]} Rad8 {[%clk 0:53:12]} 18. c3
{[%clk 0:34:47]} Ne5 {[%clk 0:33:05]} 19. Bf4 {[%clk 0:31:14]} Nc4 {[%clk
0:22:47]} 20. Bxd6 {[%clk 0:30:51]} Qxd6 {[%clk 0:22:50]} 21. Qc2 {[%clk
0:29:14]} g6 {[%clk 0:18:14]} 22. Re2 {[%clk 0:22:50]} Re5 {[%clk 0:16:37]} 23.
Rae1 {[%clk 0:13:34]} Rde8 {[%clk 0:16:51]} 24. Bg2 {[%clk 0:09:27]} Bxg2 {[%clk
0:14:27]} 25. Kxg2 {[%clk 0:09:53]} Qf6 {[%clk 0:11:51]} 26. Rxe5 {[%clk
0:07:11]} Rxe5 {[%clk 0:12:02]} 27. Rxe5 {[%clk 0:05:52]} Qxe5 {[%clk 0:11:14]}
28. b3 {[%clk 0:06:02]} Nd6 {[%clk 0:10:54]} 29. Qe2 {[%clk 0:05:41]} f6 {[%clk
0:08:07]} 30. f3 {[%clk 0:03:59]} Nf5 {[%clk 0:06:52]} 31. Qf2 {[%clk 0:01:03]}
Nxd4 {[%clk 0:06:00]} 32. cxd4 {[%clk 0:01:07]} Qc7 {[%clk 0:04:46]} 1/2-1/2

[Event "European Women's Championship"]
[Site "Vysoke Tatry"]
[Date "2018.04.18"]
[Round "10"]
[White "Javakhishvili, Lela"]
[Black "Badelka, Olga"]
[Result "1-0"]
[Board "8"]
[WhiteElo "2467"]
[WhiteTitle "IM"]
[WhiteCountry "GEO"]
[WhiteFideId "13601458"]
[WhiteEloChange "4"]
[BlackElo "2375"]
[BlackTitle "WIM"]
[BlackCountry "BLR"]
[BlackFideId "13509926"]
[BlackEloChange "-7"]

1. d4 {[%clk 1:30:56]} d5 {[%clk 1:30:56]} 2. c4 {[%clk 1:31:20]} dxc4 {[%clk
1:31:22]} 3. Nf3 {[%clk 1:31:44]} Nf6 {[%clk 1:31:47]} 4. e3 {[%clk 1:32:10]} b5
{[%clk 1:32:13]} 5. a4 {[%clk 1:32:36]} b4 {[%clk 1:32:39]} 6. Bxc4 {[%clk
1:32:59]} e6 {[%clk 1:33:06]} 7. O-O {[%clk 1:33:11]} Bb7 {[%clk 1:33:24]} 8.
Nbd2 {[%clk 1:33:19]} c5 {[%clk 1:30:59]} 9. e4 {[%clk 1:33:37]} cxd4 {[%clk
1:29:52]} 10. e5 {[%clk 1:34:01]} Nfd7 {[%clk 1:30:10]} 11. Nxd4 {[%clk 1:34:08]}
Nc6 {[%clk 1:27:10]} 12. Nxc6 {[%clk 1:32:39]} Bxc6 {[%clk 1:27:36]} 13. Re1
{[%clk 1:32:23]} Qc7 {[%clk 1:24:18]} 14. Ne4 {[%clk 1:21:51]} Nb6 {[%clk
1:10:40]} 15. Nd6+ {[%clk 1:14:24]} Bxd6 {[%clk 1:11:06]} 16. exd6 {[%clk
1:14:50]} Qd7 {[%clk 1:11:31]} 17. Bb3 {[%clk 1:14:34]} O-O {[%clk 1:09:45]} 18.
Bf4 {[%clk 1:12:31]} Bd5 {[%clk 1:04:11]} 19. Bc2 {[%clk 1:12:22]} Rac8 {[%clk
1:00:19]} 20. b3 {[%clk 1:06:46]} a5 {[%clk 0:58:50]} 21. Re3 {[%clk 0:59:17]} f6
{[%clk 0:50:01]} 22. Rh3 {[%clk 0:56:50]} g6 {[%clk 0:49:46]} 23. Rg3 {[%clk
0:55:04]} Rc3 {[%clk 0:44:03]} 24. Rxc3 {[%clk 0:49:09]} bxc3 {[%clk 0:44:29]}
25. h4 {[%clk 0:48:26]} Qc6 {[%clk 0:39:44]} 26. Qg4 {[%clk 0:45:12]} f5 {[%clk
0:33:10]} 27. Qg3 {[%clk 0:44:44]} Be4 {[%clk 0:31:09]} 28. Rc1 {[%clk 0:41:10]}
Bxc2 {[%clk 0:21:49]} 29. Rxc2 {[%clk 0:41:37]} Nd5 {[%clk 0:22:12]} 30. h5
{[%clk 0:32:09]} Nxf4 {[%clk 0:07:28]} 31. Qxf4 {[%clk 0:32:33]} Rd8 {[%clk
0:07:51]} 32. hxg6 {[%clk 0:31:57]} Rxd6 {[%clk 0:06:28]} 33. gxh7+ {[%clk
0:29:22]} Kxh7 {[%clk 0:06:56]} 34. Qh4+ {[%clk 0:29:05]} Kg6 {[%clk 0:06:59]}
35. Qg3+ {[%clk 0:28:54]} Kf7 {[%clk 0:05:49]} 36. Rxc3 {[%clk 0:28:37]} Rd1+
{[%clk 0:03:40]} 37. Kh2 {[%clk 0:29:03]} Qd6 {[%clk 0:04:08]} 38. Qxd6 {[%clk
0:20:28]} Rxd6 {[%clk 0:04:37]} 39. Rc5 {[%clk 0:20:51]} Rd3 {[%clk 0:04:53]} 40.
Rxa5 {[%clk 0:44:01]} Rxb3 {[%clk 0:35:19]} 41. g3 {[%clk 0:33:29]} Ra3 {[%clk
0:30:58]} 42. f4 {[%clk 0:22:16]} Ke7 {[%clk 0:22:33]} 43. Ra6 {[%clk 0:20:33]}
Kf7 {[%clk 0:22:01]} 44. Kh3 {[%clk 0:14:01]} Kf6 {[%clk 0:21:48]} 45. a5 {[%clk
0:12:55]} Ra2 {[%clk 0:21:47]} 46. Ra8 {[%clk 0:12:32]} Kg6 {[%clk 0:21:35]} 47.
a6 {[%clk 0:12:33]} Kg7 {[%clk 0:20:31]} 48. g4 {[%clk 0:07:25]} fxg4+ {[%clk
0:16:14]} 49. Kxg4 {[%clk 0:07:53]} Ra3 {[%clk 0:16:22]} 50. f5 {[%clk 0:05:40]}
exf5+ {[%clk 0:15:28]} 51. Kxf5 {[%clk 0:06:00]} Rf3+ {[%clk 0:15:50]} 52. Ke5
{[%clk 0:05:22]} Ra3 {[%clk 0:04:34]} 53. Kd5 {[%clk 0:05:02]} Rf3 {[%clk
0:05:01]} 54. Rb8 {[%clk 0:04:16]} Ra3 {[%clk 0:05:06]} 55. Rb6 {[%clk 0:04:19]}
Rc3 {[%clk 0:03:44]} 56. Rc6 {[%clk 0:03:24]} Rb3 {[%clk 0:04:03]} 57. Kd6 {[%clk
0:02:58]} Kf7 {[%clk 0:03:56]} 58. Kc7 {[%clk 0:03:23]} Ke7 {[%clk 0:04:19]} 59.
a7 {[%clk 0:03:25]} Ra3 {[%clk 0:04:10]} 60. Kb7 {[%clk 0:03:49]} Kd7 {[%clk
0:04:36]} 61. Rb6 {[%clk 0:03:59]} 1-0

[Event "European Women's Championship"]
[Site "Vysoke Tatry"]
[Date "2018.04.18"]
[Round "10"]
[White "Bulmaga, Irina"]
[Black "Shuvalova, Polina"]
[Result "0-1"]
[Board "9"]
[WhiteElo "2414"]
[WhiteTitle "IM"]
[WhiteCountry "ROU"]
[WhiteFideId "13903063"]
[WhiteEloChange "-5"]
[BlackElo "2389"]
[BlackTitle "WIM"]
[BlackCountry "RUS"]
[BlackFideId "24171760"]
[BlackEloChange "11"]

1. e4 {[%clk 1:30:57]} c6 {[%clk 1:30:58]} 2. Nc3 {[%clk 1:31:17]} d5 {[%clk
1:31:21]} 3. Nf3 {[%clk 1:31:41]} Bg4 {[%clk 1:25:59]} 4. Be2 {[%clk 1:31:33]} e6
{[%clk 1:24:07]} 5. h3 {[%clk 1:31:15]} Bxf3 {[%clk 1:23:45]} 6. Bxf3 {[%clk
1:31:37]} Nf6 {[%clk 1:17:49]} 7. e5 {[%clk 1:30:10]} Nfd7 {[%clk 1:17:06]} 8. d4
{[%clk 1:30:31]} Be7 {[%clk 1:11:39]} 9. Ne2 {[%clk 1:29:54]} c5 {[%clk 1:04:21]}
10. c3 {[%clk 1:30:11]} Nc6 {[%clk 1:02:53]} 11. O-O {[%clk 1:30:30]} O-O {[%clk
1:01:30]} 12. Be3 {[%clk 1:24:08]} Rc8 {[%clk 0:58:58]} 13. Nf4 {[%clk 1:20:20]}
Qb6 {[%clk 0:53:03]} 14. Rb1 {[%clk 1:16:10]} cxd4 {[%clk 0:49:11]} 15. cxd4
{[%clk 1:16:24]} Rfd8 {[%clk 0:46:41]} 16. Bg4 {[%clk 1:10:34]} Nb4 {[%clk
0:39:52]} 17. a3 {[%clk 1:00:02]} Nc2 {[%clk 0:40:12]} 18. Qd3 {[%clk 0:59:46]}
Rc4 {[%clk 0:37:52]} 19. b3 {[%clk 0:50:07]} Rc6 {[%clk 0:35:53]} 20. b4 {[%clk
0:47:31]} Rc4 {[%clk 0:27:34]} 21. Rbc1 {[%clk 0:42:23]} Rdc8 {[%clk 0:24:43]}
22. Nxd5 {[%clk 0:37:38]} exd5 {[%clk 0:25:08]} 23. Bxd7 {[%clk 0:37:53]} R8c7
{[%clk 0:25:06]} 24. Ba4 {[%clk 0:29:42]} Nxe3 {[%clk 0:14:49]} 25. Qxe3 {[%clk
0:29:50]} g6 {[%clk 0:13:41]} 26. Rxc4 {[%clk 0:28:27]} Rxc4 {[%clk 0:14:03]} 27.
Rd1 {[%clk 0:26:30]} Qc7 {[%clk 0:13:34]} 28. Qf3 {[%clk 0:25:38]} Rc3 {[%clk
0:09:56]} 29. Qxd5 {[%clk 0:25:53]} Rxa3 {[%clk 0:09:56]} 30. Bb3 {[%clk
0:22:50]} Bxb4 {[%clk 0:10:22]} 31. e6 {[%clk 0:13:50]} fxe6 {[%clk 0:10:38]} 32.
Qxe6+ {[%clk 0:14:07]} Kg7 {[%clk 0:11:03]} 33. h4 {[%clk 0:13:54]} Qf4 {[%clk
0:08:33]} 34. Qd7+ {[%clk 0:11:02]} Kh8 {[%clk 0:08:18]} 35. Qe8+ {[%clk
0:08:10]} Kg7 {[%clk 0:08:26]} 36. Bd5 {[%clk 0:05:50]} Qxh4 {[%clk 0:06:38]} 37.
Qf7+ {[%clk 0:03:17]} Kh6 {[%clk 0:07:02]} 38. Qxb7 {[%clk 0:01:17]} Bd6 {[%clk
0:05:56]} 39. Bf3 {[%clk 0:00:35]} Qh2+ {[%clk 0:04:11]} 40. Kf1 {[%clk 0:31:00]}
Ra2 {[%clk 0:34:31]} 41. Rd2 {[%clk 0:23:49]} Rxd2 {[%clk 0:33:57]} 42. Ke1
{[%clk 0:24:15]} Ra2 {[%clk 0:33:49]} 0-1

[Event "European Women's Championship"]
[Site "Vysoke Tatry"]
[Date "2018.04.18"]
[Round "10"]
[White "Szczepkowska, Karina"]
[Black "Unuk, Laura"]
[Result "1-0"]
[Board "10"]
[WhiteElo "2403"]
[WhiteTitle "IM"]
[WhiteCountry "POL"]
[WhiteFideId "1122681"]
[WhiteEloChange "4"]
[BlackElo "2329"]
[BlackTitle "WIM"]
[BlackCountry "SLO"]
[BlackFideId "14609215"]
[BlackEloChange "-8"]

1. d4 {[%clk 1:30:57]} Nf6 {[%clk 1:30:47]} 2. Nf3 {[%clk 1:31:10]} e6 {[%clk
1:30:42]} 3. Bf4 {[%clk 1:31:33]} c5 {[%clk 1:27:53]} 4. e3 {[%clk 1:31:34]} Be7
{[%clk 1:13:28]} 5. Nbd2 {[%clk 1:28:22]} b6 {[%clk 1:09:11]} 6. h3 {[%clk
1:25:14]} Bb7 {[%clk 1:07:44]} 7. Bd3 {[%clk 1:19:02]} O-O {[%clk 1:07:02]} 8.
O-O {[%clk 1:16:22]} Na6 {[%clk 0:53:57]} 9. c3 {[%clk 1:15:45]} d5 {[%clk
0:49:45]} 10. Qe2 {[%clk 1:07:57]} Nc7 {[%clk 0:49:48]} 11. Ne5 {[%clk 1:04:01]}
Ne4 {[%clk 0:44:20]} 12. f3 {[%clk 0:58:49]} Nxd2 {[%clk 0:42:06]} 13. Qxd2
{[%clk 0:59:10]} f6 {[%clk 0:35:38]} 14. Ng4 {[%clk 0:59:27]} h5 {[%clk 0:33:37]}
15. Nf2 {[%clk 0:54:16]} Bd6 {[%clk 0:23:22]} 16. Rfe1 {[%clk 0:47:59]} f5 {[%clk
0:15:13]} 17. Bf1 {[%clk 0:43:38]} c4 {[%clk 0:10:15]} 18. Nh1 {[%clk 0:42:09]}
Ne8 {[%clk 0:07:25]} 19. Qf2 {[%clk 0:37:15]} Kf7 {[%clk 0:07:52]} 20. Ng3 {[%clk
0:34:21]} Rh8 {[%clk 0:04:06]} 21. Ne2 {[%clk 0:29:29]} g5 {[%clk 0:04:27]} 22.
Be5 {[%clk 0:29:14]} Rh6 {[%clk 0:03:20]} 23. e4 {[%clk 0:26:57]} f4 {[%clk
0:01:16]} 24. h4 {[%clk 0:26:19]} Rg6 {[%clk 0:00:37]} 25. Kh1 {[%clk 0:23:06]}
Qc7 {[%clk 0:00:42]} 26. Ng1 {[%clk 0:22:27]} Bxe5 {[%clk 0:00:36]} 27. dxe5
{[%clk 0:22:52]} Qxe5 {[%clk 0:00:35]} 28. exd5 {[%clk 0:21:40]} Qxd5 {[%clk
0:01:00]} 29. Nh3 {[%clk 0:20:20]} Rd8 {[%clk 0:00:34]} 30. hxg5 {[%clk 0:19:02]}
Qf5 {[%clk 0:00:32]} 31. Bxc4 {[%clk 0:18:59]} b5 {[%clk 0:00:32]} 32. Bb3 {[%clk
0:17:48]} Rd3 {[%clk 0:00:33]} 33. Bc2 {[%clk 0:17:44]} 1-0